00378nam a2200145 a 4500008004100000040002500041100002200066245006300088250001100151260003000162300001100192020001000203044001100213041000800224000412s1963||||xx 0 und c aSNKbslocSNKeAACR21 aDvorský, Andrej10aNaša kuchárka II.vydanie bpre zdravých a chorých a6.vyd. aBratislavabOsveta c1963 a414 s. c32,50 axocSK aslo